000 003860000a22001570004500
003 LK-CoMWRAF
008 230817t ||||| |||| 00| 0 eng d
040 _aLK-CoMWRAF
_dLK-CoMWRAF
_eLK-CoMWRAF
041 _aeng
082 _a151.1
_bDUA
245 _aDuaye Masnoon
_b
260 _bHathee Book Depot
_aSri Lanka (Colombo 09)
_c1985
300 _ap.118
650 _aTamil
942 _cBK
999 _c1902
_d1902